Inventaire des ligneux fourragers dans les terres de parcours communautaires du centre Bénin (Tchaourou-Pèrèrè) (Record no. 46616)
[ view plain ]
| 000 -LEADER | |
|---|---|
| fixed length control field | 00556nam a22001697a 4500 |
| 003 - CONTROL NUMBER IDENTIFIER | |
| control field | 0 |
| 005 - DATE AND TIME OF LATEST TRANSACTION | |
| control field | 20160609165232.0 |
| 008 - FIXED-LENGTH DATA ELEMENTS--GENERAL INFORMATION | |
| fixed length control field | 091208t xxu||||| |||| 00| 0 eng d |
| 037 ## - SOURCE OF ACQUISITION | |
| Stock number | M15361 |
| Source of stock number/acquisition | BIBLIO/EPAC |
| 040 ## - SOURCE DU CATALOGAGE | |
| Original cataloging agency | UAC/EPAC |
| Language of cataloging | F |
| Transcribing agency | EPAC BIBLIO |
| 082 ## - DEWEY DECIMAL CLASSIFICATION NUMBER | |
| Classification number | 27.APE/AGB N. H. |
| 100 ## - VEDETTE PRINCIPALE - NOM DE PERSONNE | |
| Personal name | Honoré N'djrossè AGBAZAHOU |
| 9 (RLIN) | 2432 |
| 245 ## - TITLE STATEMENT | |
| Title | Inventaire des ligneux fourragers dans les terres de parcours communautaires du centre Bénin (Tchaourou-Pèrèrè) |
| 300 ## - PHYSICAL DESCRIPTION | |
| Extent | II-36p |
| Dimensions | 29cm |
| 650 ## - SUBJECT ADDED ENTRY--TOPICAL TERM | |
| Topical term or geographic name as entry element | AMENAGEMENT PROTECTION ENVIRONNEMENT |
| 9 (RLIN) | 2433 |
| 942 ## - ADDED ENTRY ELEMENTS (KOHA) | |
| Koha item type | Thèse et Memoire |
| Withdrawn status | Lost status | Damaged status | Not for loan | Location (home branch) | Sublocation or collection (holding branch) | Date acquired | Source of acquisition | Koha issues (times borrowed) | Koha full call number | Piece designation (barcode) | Koha date last seen | Copy number | Price effective from | Koha item type | Public note |
|---|---|---|---|---|---|---|---|---|---|---|---|---|---|---|---|
| Bibliothèque Ecole Polytechnique d'Abomey-Calavi | Bibliothèque Ecole Polytechnique d'Abomey-Calavi | 08/12/2009 | Don | 27.APE/AGB N. H. | M15631 | 08/12/2009 | 3 | 08/12/2009 | Thèse et Memoire | 3 Exemplaires dont un exclu du prêt plus un CD |